Songs from the First Line(s) - 1999 - Statistics

General Stats
  • This quiz has been taken 112 times
  • The average score is 14 of 30
Answer Stats
Hint Answer % Correct
Songs (Can I have the attention of the class for one second?) / Hi, my name is, huh? My name is, what? / My name is, chka-chka, Slim Shady Artist(s) Eminem
92%
Songs You are my fire / The one desire / Believe when I say / I want it that way / But we are two worlds apart / Can't reach to your heart Song I Want It That Way
87%
Songs You are my fire / The one desire / Believe when I say / I want it that way / But we are two worlds apart / Can't reach to your heart Artist(s) Backstreet Boys
83%
Songs A scrub is a guy that thinks he's fly / And is also known as a buster / Always talkin' about what he wants Song No Scrubs
83%
Songs A scrub is a guy that thinks he's fly / And is also known as a buster / Always talkin' about what he wants Artist(s) TLC
80%
Songs Somebody once told me the world is gonna roll me / I ain't the sharpest tool in the shed / She was looking kind of dumb with her finger and her thumb Song All Star
77%
Songs She's into superstitions black cats and voodoo dolls / I feel a premonition that girl's gonna make me fall / She's into new sensations new kicks in the candle light Song Livin' La Vida Loca
75%
Songs (Can I have the attention of the class for one second?) / Hi, my name is, huh? My name is, what? / My name is, chka-chka, Slim Shady Song My Name Is
74%
Songs She's into superstitions black cats and voodoo dolls / I feel a premonition that girl's gonna make me fall / She's into new sensations new kicks in the candle light Artist(s) Ricky Martin
74%
Songs Somebody once told me the world is gonna roll me / I ain't the sharpest tool in the shed / She was looking kind of dumb with her finger and her thumb Artist(s) Smash Mouth
72%
Songs Wicki-wicki-wild / Wicki-wild / Wicki-wicki / Wild Wild West, Jim West, desperado, rough rider / No you don't want nada Artist(s) Will Smith / Dru Hill / Kool Moe Dee
63%
Songs Wicki-wicki-wild / Wicki-wild / Wicki-wicki / Wild Wild West, Jim West, desperado, rough rider / No you don't want nada Song Wild Wild West
61%
Songs One, two, three, four, five / Everybody in the car, so come on let's ride / To the liquor store around the corner / The boys say they want some gin and juice Song Mambo No. 5
49%
Songs Esta noche bailamos / Te doy toda mi vida / Quédate conmigo / Tonight we dance / I lay my life in your hands / We take the floor Artist(s) Enrique Iglesias
48%
Songs Maria, Maria / She remind me of a West Side story / Growing up in Spanish Harlem / She living a life just like a movie star Song Maria Maria
48%
Songs Maria, Maria / She remind me of a West Side story / Growing up in Spanish Harlem / She living a life just like a movie star Artist(s) Santana / The Product G&B
44%
Songs One, two, three, four, five / Everybody in the car, so come on let's ride / To the liquor store around the corner / The boys say they want some gin and juice Artist(s) Lou Bega
42%
Songs Esta noche bailamos / Te doy toda mi vida / Quédate conmigo / Tonight we dance / I lay my life in your hands / We take the floor Song Bailamos
41%
Songs Oh-ooh, whoa-oh (Come on, come on, uh) / I feel like I've been locked up tight / For a century of lonely nights / Waiting for someone to release me Artist(s) Christina Aguilera
38%
Songs Oh-ooh, whoa-oh (Come on, come on, uh) / I feel like I've been locked up tight / For a century of lonely nights / Waiting for someone to release me Song Genie In A Bottle
38%
Songs I was her, she was me / We were one, we were free / And if there's somebody calling me on / She's the one Song She's The One
34%
Songs I was her, she was me / We were one, we were free / And if there's somebody calling me on / She's the one Artist(s) Robbie Williams
31%
Songs I can feel the magic floating in the air / Being with you gets me that way / I watch the sunlight dance across your face and I've / Never been this swept away Artist(s) Faith Hill
18%
Songs I can feel the magic floating in the air / Being with you gets me that way / I watch the sunlight dance across your face and I've / Never been this swept away Song Breathe
15%
Songs Mmm, yeah / I can read your mind and I know your story / I see what you're going through, yeah / It's an uphill climb, and I'm feeling sorry Artist(s) Celine Dion
15%
Songs Maybe it's intuition / But some things you just don't question / Like in your eyes, I see my future in an instant Artist(s) Savage Garden
13%
Songs Mmm, yeah / I can read your mind and I know your story / I see what you're going through, yeah / It's an uphill climb, and I'm feeling sorry Song That's The Way It Is
11%
Songs Maybe it's intuition / But some things you just don't question / Like in your eyes, I see my future in an instant Song I Knew I Loved You
9%
Songs It's undeniable / That we should be together / It's unbelievable how I used to say that I'd fall never / The basis is need to know, if you don't know just how I feel Song Back At One
7%
Songs It's undeniable / That we should be together / It's unbelievable how I used to say that I'd fall never / The basis is need to know, if you don't know just how I feel Artist(s) Brian McKnight
7%
No matching quizzes found
Score Distribution
Percent of People with Each Score
Percentile by Number Answered
Your Score History
You have not taken this quiz